| 000 | 01281nam a22002537a 4500 | ||
|---|---|---|---|
| 003 | NALT | ||
| 005 | 20260109133900.0 | ||
| 008 | 250925b th ||||| |||| 00| 0 tha d | ||
| 020 | _a9786167363202 | ||
| 040 | _aNALT | ||
| 100 | 0 |
_aบุญร่วม เทียมจันทร์. _913028 |
|
| 245 | 1 | 0 |
_aปรีดีกับคดีลอบปลงพระชนม์ ร.8 / _cบุญร่วม เทียมจันทร์. _h[electronic resource] |
| 250 | _aพิมพ์ครั้งที่ 1. | ||
| 260 |
_aกรุงเทพฯ : _bฐานบัณฑิต, _c2554. |
||
| 300 | _aOnline resource | ||
| 600 | 0 | 4 |
_aอานันทมหิดล, _cพระบาทสมเด็จพระเจ้าอยู่หัว, _d2468-2489 _93348 |
| 600 | 0 | 0 | _a |
| 651 | 4 |
_aไทย _xประวัติศาสตร์ _yกรุงรัตนโกสินทร์ _yรัชกาลที่ 8, 2477-2489 _917788 |
|
| 700 | 0 |
_aศรัญญา วิชชาธรรม. _932309 |
|
| 856 | 4 | 0 |
_uhttps://ebook.parliament.go.th/ebookall/detail/438250 _zE-Book |
| 942 |
_cEBK _2lcc |
||
| 996 |
_ajamriang.p _bCATSTF _c2026-01-06 |
||
| 999 |
_c107279 _d107279 |
||
| 998 |
_j104 _k นางสาวสายฝน ดีงาม |
||